[Event "3o Piacenza Chess Festival - Open C"]
[Site "Piacenza ITA"]
[Date "2025.10.26"]
[Round "5.7"]
[White "DRUDI, Matteo"]
[Black "DORATELLI, Leonardo"]
[Result "1-0"]
[WhiteElo "1602"]
[BlackElo "1567"]
[PlyCount "88"]
[EventDate "2025.10.24"]

1. Nf3 c5 2. c4 g6 3. g3 Bg7 4. Bg2 Nc6 5. Nc3 e6 6. d3 Nge7 7. O-O O-O 8. Qc2
Nd4 9. Nxd4 cxd4 10. Ne4 d6 11. b4 f5 12. Ng5 Nc6 13. Rb1 a5 14. b5 Nb4 15. Qb3
h6 16. Nf3 d5 17. a3 dxc4 18. dxc4 d3 19. axb4 dxe2 20. Re1 a4 21. Qa2 e5 22.
Bb2 Re8 23. Rxe2 f4 24. Rbe1 fxg3 25. hxg3 Bg4 26. Re3 Bxf3 27. Bxf3 Qd2 28.
R3e2 Qxb4 29. Bxb7 a3 30. Bxa8 axb2 31. Bd5+ Kh7 32. Qxb2 Qc5 33. Qc2 Rf8 34.
Kg2 Rd8 35. Qe4 Rf8 36. Qe3 Qc8 37. b6 Rd8 38. Rb1 Qb8 39. Qe4 Rc8 40. b7 Rd8
41. Ra2 Qc7 42. Ra8 Rb8 43. Rxb8 Qxb8 44. Ra1 Qc7 1-0

[Event "3o Piacenza Chess Festival - Open C"]
[Site "Piacenza ITA"]
[Date "2025.10.26"]
[Round "5.8"]
[White "FOLCINI, Gaddo"]
[Black "MARTINO, Gianluca"]
[Result "1-0"]
[WhiteElo "1648"]
[BlackElo "1560"]
[PlyCount "29"]
[EventDate "2025.10.24"]

1. e4 c6 2. d4 d6 3. Nc3 Nf6 4. Bd3 g6 5. e5 dxe5 6. dxe5 Nd5 7. Bc4 Be6 8. Nf3
Qd7 9. Ne4 Nf4 10. Qxd7+ Nxd7 11. Bxe6 Nxe6 12. Bd2 h6 13. O-O-O Bg7 14. Bc3
O-O 15. Rxd7 1-0

[Event "3o Piacenza Chess Festival - Open C"]
[Site "Piacenza ITA"]
[Date "2025.10.26"]
[Round "5.9"]
[White "LUI, Maurizio"]
[Black "RAIMONDI, Celso"]
[Result "1-0"]
[WhiteElo "1540"]
[BlackElo "1641"]
[PlyCount "71"]
[EventDate "2025.10.24"]

1. d4 Nf6 2. Nf3 e6 3. e3 d5 4. Bd3 Nbd7 5. O-O c5 6. b3 cxd4 7. exd4 Bd6 8.
Nbd2 O-O 9. Bb2 b6 10. Ne5 Bb7 11. f4 Rc8 12. Qe2 Re8 13. g4 Nf8 14. g5 N6d7
15. Rf3 Bxe5 16. dxe5 Nc5 17. Ba3 Qc7 18. Rc1 a6 19. Rh3 Qc6 20. Bxh7+ Nxh7 21.
Qh5 Kf8 22. Qxh7 d4 23. Rf3 Qd7 24. Ne4 Bxe4 25. Qxe4 g6 26. Rd3 Kg7 27. Qxd4
Qxd4+ 28. Rxd4 Nb7 29. c4 Rh8 30. Be7 Rh7 31. Bf6+ Kf8 32. Rcd1 Ke8 33. Kg2 a5
34. Rd7 b5 35. Rxb7 bxc4 36. Rdd7 1-0

[Event "3o Piacenza Chess Festival - Open C"]
[Site "Piacenza ITA"]
[Date "2025.10.26"]
[Round "5.11"]
[White "CHIARELLI, Massimo"]
[Black "GALLI, Fabrizio"]
[Result "1-0"]
[WhiteElo "1611"]
[BlackElo "1529"]
[PlyCount "57"]
[EventDate "2025.10.24"]

1. b4 d5 2. Bb2 Nd7 3. Nf3 Ngf6 4. e3 e6 5. a3 a6 6. c4 dxc4 7. Bxc4 b5 8. Be2
Bb7 9. d4 Nd5 10. Nbd2 Be7 11. O-O O-O 12. Nb3 Rc8 13. Na5 Ba8 14. Rc1 c6 15.
Qb3 Bd6 16. Rc2 N7f6 17. Ne5 Bxe5 18. dxe5 Ne4 19. f3 Ng5 20. h4 Nh3+ 21. gxh3
Qxh4 22. Kh2 Qh6 23. Bd4 Qh4 24. Qd3 f5 25. f4 Rf7 26. Bf3 g5 27. fxg5 Rg7 28.
Bxd5 exd5 29. Qxf5 1-0

[Event "3o Piacenza Chess Festival - Open C"]
[Site "Piacenza ITA"]
[Date "2025.10.26"]
[Round "5.12"]
[White "TIRELLI, Stefano"]
[Black "CANELLI, Nicolino"]
[Result "1-0"]
[WhiteElo "1593"]
[BlackElo "1496"]
[PlyCount "91"]
[EventDate "2025.10.24"]

1. d4 Nf6 2. Bf4 c6 3. Nf3 d5 4. e3 Bf5 5. h3 h6 6. Be2 Nbd7 7. c3 e6 8. Nbd2
Be7 9. O-O O-O 10. Rc1 Rc8 11. c4 c5 12. Qb3 Qb6 13. Ne5 Rfd8 14. Nxd7 Nxd7 15.
dxc5 Bxc5 16. cxd5 exd5 17. Qxb6 Bxb6 18. Nf3 Nf6 19. Be5 Ne4 20. Rfd1 Be6 21.
Nd4 Rc5 22. Nxe6 fxe6 23. Rxc5 Bxc5 24. Bf3 Ng5 25. Bg4 Kf7 26. Rc1 b6 27. b4
Bxb4 28. Rc7+ Be7 29. Rxa7 Rc8 30. Bxg7 Rc1+ 31. Kh2 Kxg7 32. Rxe7+ Kf6 33. Rb7
Rc2 34. f4 Ne4 35. Rxb6 Rxa2 36. Bxe6 Kg7 37. Bxd5 Re2 38. Bxe4 Rxe3 39. Bf3
Rc3 40. Kg3 Rc5 41. Re6 h5 42. Re5 h4+ 43. Kxh4 Rxe5 44. fxe5 Kg6 45. Kg4 Kf7
46. Bd5+ 1-0

[Event "3o Piacenza Chess Festival - Open C"]
[Site "Piacenza ITA"]
[Date "2025.10.26"]
[Round "5.14"]
[White "OLIVEIRA PROVENZANO, Frederico"]
[Black "GENESIN, Leandro"]
[Result "0-1"]
[WhiteElo "1399"]
[BlackElo "1399"]
[PlyCount "60"]
[EventDate "2025.10.24"]

1. e4 e5 2. Nf3 Nf6 3. Nxe5 Qe7 4. Nf3 Qxe4+ 5. Be2 d6 6. d3 Qc6 7. Nc3 g6 8.
Be3 Bg7 9. Qd2 h5 10. h3 Be6 11. a3 a6 12. Ng5 Qd7 13. Nxe6 Qxe6 14. Bf3 d5 15.
d4 Nc6 16. Na4 Nd7 17. Nc3 Nf6 18. Na4 Nd7 19. g4 Nxd4 20. Be2 Nxe2 21. Qxe2
hxg4 22. O-O-O d4 23. Rhg1 gxh3 24. Qf3 dxe3 25. fxe3 O-O-O 26. Nc3 Bxc3 27.
bxc3 Ne5 28. Qe4 Qa2 29. Rd3 Rxd3 30. cxd3 Nxd3+ 0-1

[Event "3o Piacenza Chess Festival - Open C"]
[Site "Piacenza ITA"]
[Date "2025.10.26"]
[Round "5.15"]
[White "LOSIO, Antonio"]
[Black "RENAI, Gianluca"]
[Result "0-1"]
[WhiteElo "1399"]
[BlackElo "1399"]
[PlyCount "58"]
[EventDate "2025.10.24"]

1. Nf3 c6 2. g3 d5 3. Bg2 Nf6 4. d3 e6 5. O-O Bd6 6. Nbd2 O-O 7. e4 Nbd7 8. Re1
Qc7 9. Nb3 dxe4 10. Ng5 exd3 11. Qxd3 Nc5 12. Nxc5 Bxc5 13. Be3 Bxe3 14. Rxe3
h6 15. Nf3 b6 16. Qc3 Bb7 17. Rd1 Nd5 18. Qe5 Qxe5 19. Rxe5 c5 20. c4 Nf6 21.
Ne1 Bxg2 22. Nxg2 Rad8 23. Ree1 Rfe8 24. Ne3 Kf8 25. Rxd8 Rxd8 26. Rd1 Rxd1+
27. Nxd1 Ne4 28. a3 Nd2 29. Ne3 Ke7 0-1

[Event "3o Piacenza Chess Festival - Open C"]
[Site "Piacenza ITA"]
[Date "2025.10.26"]
[Round "5.16"]
[White "PIERSIMONI, Niccolo'"]
[Black "COSTA, Luciano"]
[Result "0-1"]
[WhiteElo "1399"]
[BlackElo "1625"]
[PlyCount "98"]
[EventDate "2025.10.24"]

1. e4 e6 2. d4 d5 3. f3 c5 4. c4 cxd4 5. Qxd4 Nc6 6. Qd1 Nf6 7. Bg5 dxe4 8.
Qxd8+ Nxd8 9. Nc3 exf3 10. Nxf3 Bb4 11. Bd2 O-O 12. O-O-O Nc6 13. Bd3 e5 14.
Bg5 Re8 15. Nb5 Ba5 16. Rhf1 h6 17. Bxf6 gxf6 18. Nh4 e4 19. Nd6 Re6 20. Nxe4
Ne5 21. Nxf6+ Kf8 22. Nh7+ Kg7 23. Rf5 Nxd3+ 24. Rxd3 Re1+ 25. Rd1 Bxf5 26.
Nxf5+ Kxh7 27. Kc2 Rxd1 28. Kxd1 Re8 29. Nd4 Bc7 30. g3 Kg6 31. Ne2 Kf6 32. Nf4
Bxf4 33. gxf4 Kf5 34. Kd2 Kxf4 35. Kd1 f5 36. Kd2 Kg4 37. Kd3 f4 38. Kd4 f3 39.
Kd5 f2 40. Kd6 f1=Q 41. Kd7 Re2 42. Kd8 Rxb2 43. Kd7 Rxa2 44. Kd6 Qxc4 45. Ke5
Re2+ 46. Kf6 Qf4+ 47. Kg6 Re6+ 48. Kh7 Qf7+ 49. Kh8 Re8# 0-1

[Event "3o Piacenza Chess Festival - Open C"]
[Site "Piacenza ITA"]
[Date "2025.10.26"]
[Round "5.17"]
[White "POCI, Sara Angela Maria"]
[Black "COSTA, Vittorio"]
[Result "0-1"]
[WhiteElo "1399"]
[BlackElo "1455"]
[PlyCount "28"]
[EventDate "2025.10.24"]

1. e4 e6 2. d4 d5 3. e5 c5 4. c3 Nc6 5. Nf3 Nge7 6. Bd3 cxd4 7. cxd4 Ng6 8. Bg5
Be7 9. O-O Bxg5 10. Nxg5 Qxg5 11. Qd2 Qxd2 12. Nxd2 Nxd4 13. Rac1 Nxe5 14. Bb5+
Nxb5 0-1

[Event "3o Piacenza Chess Festival - Open C"]
[Site "Piacenza ITA"]
[Date "2025.10.26"]
[Round "5.18"]
[White "MAGRI', Antonio"]
[Black "STORARI, Asaph"]
[Result "0-1"]
[WhiteElo "1399"]
[BlackElo "1399"]
[PlyCount "70"]
[EventDate "2025.10.24"]

1. e4 c6 2. d4 d5 3. exd5 cxd5 4. Bf4 Nf6 5. Nf3 Bg4 6. h3 Bh5 7. Bb5+ Nc6 8.
Nbd2 e6 9. O-O Bd6 10. Bxd6 Qxd6 11. c3 a6 12. Qa4 O-O 13. Bd3 Rfe8 14. Rfe1 b5
15. Qc2 Bg6 16. Bxg6 hxg6 17. Ne5 Nd7 18. Ndf3 Rac8 19. Qd2 Ncxe5 20. Nxe5 Nxe5
21. dxe5 Qe7 22. a3 Red8 23. Qe3 Qd7 24. Qb6 Qc6 25. Qe3 Qc4 26. Red1 Rd7 27.
Qd4 a5 28. Qb6 a4 29. Rd4 Qc6 30. Qa5 Ra8 31. Qb4 Rb7 32. Rh4 Qc7 33. Re1 Qe7
34. Qd4 Rc8 35. Qd3 Qxh4 0-1

[Event "3o Piacenza Chess Festival - Open C"]
[Site "Piacenza ITA"]
[Date "2025.10.26"]
[Round "5.19"]
[White "BENEDETTI, Giulia"]
[Black "PIZZASEGOLA, Rocco"]
[Result "0-1"]
[WhiteElo "1399"]
[BlackElo "1409"]
[PlyCount "38"]
[EventDate "2025.10.24"]

1. e4 d6 2. d4 g6 3. Nf3 Nf6 4. Nc3 Bg7 5. Be2 d5 6. Bd3 dxe4 7. Bxe4 O-O 8.
O-O Nc6 9. Be3 Bg4 10. Re1 Bxf3 11. gxf3 Nxe4 12. fxe4 Bxd4 13. Bxd4 Nxd4 14.
Re3 e5 15. b4 Qg5+ 16. Kf1 Qh5 17. Qd2 Qg5 18. Nd5 Nf3 19. Rxf3 Qxd2 0-1

[Event "3o Piacenza Chess Festival - Open C"]
[Site "Piacenza ITA"]
[Date "2025.10.26"]
[Round "6.1"]
[White "PAGNANINI, Andrea"]
[Black "BRUNO, Carmine"]
[Result "1-0"]
[WhiteElo "1688"]
[BlackElo "1553"]
[PlyCount "47"]
[EventDate "2025.10.24"]

1. e4 c6 2. d4 d5 3. e5 c5 4. c4 cxd4 5. Qxd4 e6 6. cxd5 exd5 7. Nc3 Ne7 8. Bg5
Nbc6 9. Bb5 Bd7 10. Qc5 Nxe5 11. Bxe7 Bxe7 12. Qxd5 Bxb5 13. Qxb5+ Nc6 14. Nf3
O-O 15. Qxb7 Qd6 16. O-O Rab8 17. Qa6 Rb6 18. Qe2 Bf6 19. Ne4 Qe7 20. Nxf6+
Qxf6 21. Rab1 Rfb8 22. Rfc1 Rxb2 23. Rxb2 Rxb2 24. Qe8# 1-0

[Event "3o Piacenza Chess Festival - Open C"]
[Site "Piacenza ITA"]
[Date "2025.10.26"]
[Round "6.2"]
[White "NEGRI, Fabio"]
[Black "BURATTI, Emanuele"]
[Result "1-0"]
[WhiteElo "1652"]
[BlackElo "1615"]
[PlyCount "61"]
[EventDate "2025.10.24"]

1. e4 e5 2. Nf3 Nc6 3. Bb5 Nf6 4. d3 Bc5 5. O-O d6 6. h3 Bd7 7. Bg5 h6 8. Bh4
g5 9. Bg3 Qe7 10. a4 Nh5 11. Kh1 Nxg3+ 12. fxg3 g4 13. Ng1 h5 14. h4 O-O-O 15.
Nc3 Nb4 16. Bxd7+ Rxd7 17. Nb5 d5 18. c3 Nc6 19. b4 Bxg1 20. exd5 Rxd5 21. Kxg1
Rhd8 22. Qb3 Rxd3 23. Rxf7 Qe8 24. Raf1 a6 25. Nxc7 Qg8 26. Qc4 Rd1 27. Qe6+
R1d7 28. Nxa6 e4 29. Nc5 Ne5 30. Nxd7 Nxf7 31. Nf6+ 1-0

[Event "3o Piacenza Chess Festival - Open C"]
[Site "Piacenza ITA"]
[Date "2025.10.26"]
[Round "6.3"]
[White "SCOVAZZI, Tullio"]
[Black "ADINOLFI, Filippo"]
[Result "0-1"]
[WhiteElo "1555"]
[BlackElo "1629"]
[PlyCount "68"]
[EventDate "2025.10.24"]

1. e4 e5 2. Nf3 Nf6 3. Nc3 Nc6 4. d4 exd4 5. Nd5 Be7 6. Nxd4 O-O 7. Bc4 Nxe4 8.
Nf5 d6 9. Qg4 Bxf5 10. Qxf5 Nf6 11. O-O Ne5 12. Bb3 c6 13. f4 Ng6 14. Nc3 d5
15. Bd2 Re8 16. Kh1 Qd7 17. Qxd7 Nxd7 18. Rfe1 Bd6 19. g3 Ne7 20. Re2 Nf5 21.
Rae1 Rxe2 22. Rxe2 Nd4 23. Re1 Nf6 24. Kg2 Kf8 25. Ne2 Nxb3 26. axb3 Re8 27. c4
Ne4 28. Bc1 Nc5 29. Kf3 Nxb3 30. cxd5 Nd4+ 31. Nxd4 Rxe1 32. dxc6 Rxc1 33. cxb7
Rc4 34. Nb5 Bb8 0-1

[Event "3o Piacenza Chess Festival - Open C"]
[Site "Piacenza ITA"]
[Date "2025.10.26"]
[Round "6.4"]
[White "CRISCI, Carlo"]
[Black "DRUDI, Matteo"]
[Result "1-0"]
[WhiteElo "1665"]
[BlackElo "1602"]
[PlyCount "91"]
[EventDate "2025.10.24"]

1. e4 d5 2. exd5 Qxd5 3. Nc3 Qa5 4. d4 Nf6 5. Bd2 c6 6. Bc4 Qc7 7. Qe2 Bf5 8.
Nf3 Nbd7 9. O-O e6 10. Rfe1 Bxc2 11. d5 O-O-O 12. dxe6 fxe6 13. Ng5 Re8 14. Be3
Bf5 15. Bxa7 Bc5 16. Bxc5 Nxc5 17. b4 h6 18. Nf3 Ncd7 19. b5 Nb6 20. bxc6 Nxc4
21. Qxc4 Qxc6 22. Qb3 Qa6 23. Nd4 Rhf8 24. Rac1 Kb8 25. Na4 Nd7 26. Red1 Rc8
27. Rxc8+ Rxc8 28. Nxf5 exf5 29. Rxd7 Rc1+ 30. Rd1 Rxd1+ 31. Qxd1 Qc6 32. h3 g5
33. Qd8+ Ka7 34. Qa5+ Kb8 35. Qe5+ Ka7 36. Qc5+ Qxc5 37. Nxc5 b5 38. Kf1 Kb6
39. Nd3 Kc6 40. Ke2 Kd5 41. Kd2 h5 42. g3 Kd4 43. Ne1 Kc4 44. Nf3 g4 45. hxg4
hxg4 46. Nh4 1-0

[Event "3o Piacenza Chess Festival - Open C"]
[Site "Piacenza ITA"]
[Date "2025.10.26"]
[Round "6.5"]
[White "TIRELLI, Stefano"]
[Black "FOLCINI, Gaddo"]
[Result "0-1"]
[WhiteElo "1593"]
[BlackElo "1648"]
[PlyCount "58"]
[EventDate "2025.10.24"]

1. d4 Nf6 2. Bf4 Nh5 3. Bg3 Nxg3 4. hxg3 d5 5. Nf3 Nc6 6. e3 g6 7. a3 Bg7 8.
Nc3 e5 9. dxe5 Nxe5 10. Qxd5 Nxf3+ 11. Qxf3 O-O 12. Bc4 Be6 13. Bd3 c6 14. O-O
Qa5 15. Ne4 Bxb2 16. Rab1 Qxa3 17. g4 b6 18. g5 Kh8 19. Qg3 Bg7 20. Qh4 Qa5 21.
f4 c5 22. Nf6 Bxf6 23. gxf6 c4 24. Qh6 Rg8 25. Be4 Rad8 26. Ra1 Qd2 27. f5 Bd5
28. fxg6 Rxg6 29. Rf2 Qxf2+ 0-1

[Event "3o Piacenza Chess Festival - Open C"]
[Site "Piacenza ITA"]
[Date "2025.10.26"]
[Round "6.6"]
[White "MAGGI, Stefano"]
[Black "PORISINI, Gabriele"]
[Result "0-1"]
[WhiteElo "1620"]
[BlackElo "1463"]
[PlyCount "64"]
[EventDate "2025.10.24"]

1. d4 Nf6 2. c4 g6 3. Nc3 Bg7 4. Nf3 O-O 5. e4 d6 6. Be2 e5 7. d5 Na6 8. a3 Nc5
9. Qc2 c6 10. b4 Na6 11. O-O cxd5 12. cxd5 Nc7 13. Be3 Ng4 14. Bd2 f5 15. h3
Nf6 16. exf5 Bxf5 17. Qc1 Ncxd5 18. Nxd5 Nxd5 19. Bh6 Rc8 20. Qd2 Nf4 21. Bxg7
Nxe2+ 22. Qxe2 Kxg7 23. Rfd1 Qf6 24. g4 Bc2 25. Rdc1 Qxf3 26. Rxc2 Rxc2 27.
Qxc2 Qxh3 28. Qe4 Qf3 29. Qxf3 Rxf3 30. Kg2 Rd3 31. Ra2 Kf6 32. f3 Kg5 0-1

[Event "3o Piacenza Chess Festival - Open C"]
[Site "Piacenza ITA"]
[Date "2025.10.26"]
[Round "6.7"]
[White "GARZIA, Tommaso"]
[Black "CHIARELLI, Massimo"]
[Result "1-0"]
[WhiteElo "1585"]
[BlackElo "1611"]
[PlyCount "79"]
[EventDate "2025.10.24"]

1. e4 c5 2. Nf3 d6 3. d4 cxd4 4. Nxd4 Nf6 5. Nc3 g6 6. f3 Bg7 7. Be3 O-O 8. Qd2
Nc6 9. O-O-O Nxd4 10. Bxd4 Be6 11. a3 a6 12. g4 Qc7 13. h4 b5 14. h5 Rfc8 15.
hxg6 fxg6 16. Qh2 h6 17. Bd3 Bc4 18. Bxc4+ Qxc4 19. Nd5 Nxd5 20. Bxg7 Ne3 21.
Rd2 Qa2 22. b3 e5 23. Bxe5 dxe5 24. Qxe5 Qxa3+ 25. Qb2 Qxb2+ 26. Kxb2 b4 27.
Re2 Rc3 28. Rhe1 Nxc2 29. Rxc2 Rxf3 30. Rc4 Rf2+ 31. Kb1 a5 32. e5 Rf3 33. Kb2
Rd8 34. e6 Re8 35. Rd4 Kg7 36. Rd7+ Kf6 37. Rf7+ Kg5 38. Rxf3 Kxg4 39. Rff1 Kg3
40. e7 1-0

[Event "3o Piacenza Chess Festival - Open C"]
[Site "Piacenza ITA"]
[Date "2025.10.26"]
[Round "6.8"]
[White "DUQUE BURBANO, Radharani"]
[Black "VARLI, Mehmet Fatih"]
[Result "0-1"]
[WhiteElo "1399"]
[BlackElo "1607"]
[PlyCount "142"]
[EventDate "2025.10.24"]

1. e4 d6 2. d4 Nf6 3. Bd3 g6 4. h3 Bg7 5. Nf3 O-O 6. Be3 h6 7. Qd2 Kh7 8. g4
Ne8 9. Na3 c6 10. Rg1 Nd7 11. h4 e5 12. Nc4 b5 13. Na5 Qc7 14. h5 g5 15. d5 Nb8
16. Rc1 Nf6 17. Nd4 Nxg4 18. Nf5 Bxf5 19. exf5 Nf6 20. Bxg5 hxg5 21. Qxg5 Bh6
22. Qxf6 Qxa5+ 23. c3 Qd8 24. Qxd8 Rxd8 25. f6+ Kh8 26. Rd1 cxd5 27. Bxb5 Nd7
28. Bc6 Rab8 29. Bxd7 Rxd7 30. b3 Rg8 31. Rxg8+ Kxg8 32. Rxd5 Bg5 33. c4 Bxf6
34. c5 Be7 35. c6 Rc7 36. Ra5 Rxc6 37. Rxa7 Bh4 38. h6 Rc1+ 39. Ke2 Rc2+ 40.
Kd3 Rxf2 41. a4 Rf3+ 42. Kc4 e4 43. Ra8+ Kh7 44. Re8 e3 45. a5 Rf5 46. b4 Rf4+
47. Kb5 Be1 48. a6 Rxb4+ 49. Kc6 Ra4 50. Kb7 Rxa6 51. Kxa6 Bd2 52. Kb5 Kxh6 53.
Kc6 f5 54. Kxd6 f4 55. Re6+ Kg5 56. Re5+ Kg4 57. Re4 Kg3 58. Re8 f3 59. Rg8+
Kf2 60. Kd5 e2 61. Rg6 e1=Q 62. Re6 Qxe6+ 63. Kxe6 Ke2 64. Kd5 f2 65. Kc4 f1=Q
66. Kd5 Qf5+ 67. Kc4 Bh6 68. Kc3 Qd5 69. Kc2 Qc4+ 70. Kb1 Qb3+ 71. Ka1 Bg7# 0-1

[Event "3o Piacenza Chess Festival - Open C"]
[Site "Piacenza ITA"]
[Date "2025.10.26"]
[Round "6.9"]
[White "BERGONZI, Andrea"]
[Black "ROCCHI, Renato"]
[Result "1-0"]
[WhiteElo "1598"]
[BlackElo "1587"]
[PlyCount "87"]
[EventDate "2025.10.24"]

1. e4 c5 2. c3 d5 3. exd5 Qxd5 4. Nf3 Nf6 5. d4 cxd4 6. Qxd4 Nc6 7. Qxd5 Nxd5
8. Bc4 Nb6 9. Bb3 g6 10. Be3 Nd7 11. Ba4 Bg7 12. Bxc6 bxc6 13. O-O O-O 14. Nbd2
Ba6 15. Rfe1 e6 16. Nb3 Nf6 17. Nc5 Bc8 18. Rad1 Nd5 19. Bd4 Rb8 20. Rd2 Bh6
21. Rc2 Bg7 22. Bxg7 Kxg7 23. Ne5 Nf6 24. Nxc6 Rb5 25. b4 a5 26. Nxa5 Nd7 27.
a4 Rb6 28. Nxd7 Bxd7 29. b5 Kf6 30. Nc4 Rbb8 31. Ne5 Be8 32. c4 Ke7 33. c5 f6
34. Nc4 Bxb5 35. axb5 Rxb5 36. Nd6 Rb3 37. Ra1 e5 38. Ra7+ Ke6 39. g3 h5 40.
Ra6 Kd5 41. Ra5 Kc6 42. Ne4 f5 43. Ng5 f4 44. Ra6+ 1-0

[Event "3o Piacenza Chess Festival - Open C"]
[Site "Piacenza ITA"]
[Date "2025.10.26"]
[Round "6.10"]
[White "DORATELLI, Leonardo"]
[Black "LUI, Maurizio"]
[Result "1-0"]
[WhiteElo "1567"]
[BlackElo "1540"]
[PlyCount "51"]
[EventDate "2025.10.24"]

1. e4 e5 2. Bc4 Nf6 3. d4 Nc6 4. Nf3 d6 5. dxe5 dxe5 6. Qxd8+ Nxd8 7. Nc3 Bb4
8. Bd2 O-O 9. O-O-O Bg4 10. Rhe1 Nc6 11. Nd5 Bxd2+ 12. Kxd2 Nxd5 13. exd5 Bxf3
14. gxf3 Na5 15. Bd3 b6 16. Rxe5 Rad8 17. Kc1 c6 18. b4 Nb7 19. dxc6 Nd6 20.
Rde1 b5 21. Bxb5 Rb8 22. a4 a6 23. Bxa6 Rxb4 24. Bb5 Nc4 25. Re8 Nd6 26. c7 1-0

[Event "3o Piacenza Chess Festival - Open C"]
[Site "Piacenza ITA"]
[Date "2025.10.26"]
[Round "6.11"]
[White "RENAI, Gianluca"]
[Black "RAIMONDI, Celso"]
[Result "1/2-1/2"]
[WhiteElo "1399"]
[BlackElo "1641"]
[PlyCount "88"]
[EventDate "2025.10.24"]

1. d4 Nf6 2. c4 e6 3. g3 d5 4. Nf3 c6 5. Bg2 Be7 6. O-O O-O 7. Qc2 h6 8. Nbd2
Nbd7 9. e4 dxe4 10. Nxe4 Nxe4 11. Qxe4 Nf6 12. Qc2 Qa5 13. Bd2 Bb4 14. Bxb4
Qxb4 15. a3 Qe7 16. Rad1 Rd8 17. Ne5 Nd7 18. b4 Nxe5 19. dxe5 Bd7 20. Rd6 Be8
21. Rfd1 Rxd6 22. Rxd6 Rd8 23. Qd2 Rxd6 24. exd6 Qd7 25. c5 Qc8 26. Be4 Bd7 27.
Bc2 Qf8 28. Qd3 f5 29. Qd4 Qf6 30. Qxf6 gxf6 31. Bd1 Kg7 32. Bh5 Kf8 33. Kg2
Kg7 34. Kf3 Kg8 35. Ke3 Kg7 36. Kd4 Kf8 37. f4 Kg7 38. h4 Kf8 39. Be2 Kg8 40.
h5 Kf8 41. a4 Ke8 42. b5 Kd8 43. bxc6 bxc6 44. Ba6 Ke8 1/2-1/2

[Event "3o Piacenza Chess Festival - Open C"]
[Site "Piacenza ITA"]
[Date "2025.10.26"]
[Round "6.12"]
[White "COSTA, Luciano"]
[Black "CANELLI, Nicolino"]
[Result "1-0"]
[WhiteElo "1625"]
[BlackElo "1496"]
[PlyCount "81"]
[EventDate "2025.10.24"]

1. c4 Nf6 2. Nc3 g6 3. d4 Bg7 4. e4 d6 5. h3 b6 6. Nf3 Nbd7 7. Bf4 Bb7 8. Bd3
a6 9. O-O h6 10. Re1 O-O 11. Qc2 Re8 12. Rad1 Nf8 13. d5 g5 14. Bd2 Bc8 15. Nd4
g4 16. Nc6 Qd7 17. h4 g3 18. fxg3 Qg4 19. Re3 Nh5 20. Be2 Qg6 21. Qd3 Nd7 22.
Rf1 Nc5 23. Bxh5 Qxh5 24. Qe2 Bg4 25. Ref3 Bf6 26. Qe3 Nd7 27. R3f2 Ne5 28. b3
Bd7 29. Nxe5 dxe5 30. Qxh6 Qxh6 31. Bxh6 Kh7 32. Bg5 Kg6 33. Bxf6 exf6 34.
Rxf6+ Kh5 35. Rxf7 Rad8 36. Rh7+ Kg6 37. Rff7 Bg4 38. Rxc7 Bc8 39. Rcg7+ Kf6
40. g4 Rg8 41. g5# 1-0

[Event "3o Piacenza Chess Festival - Open C"]
[Site "Piacenza ITA"]
[Date "2025.10.26"]
[Round "6.13"]
[White "MARTINO, Gianluca"]
[Black "OLIVEIRA PROVENZANO, Frederico"]
[Result "0-1"]
[WhiteElo "1560"]
[BlackElo "1399"]
[PlyCount "64"]
[EventDate "2025.10.24"]

1. e4 e5 2. Nf3 Nc6 3. Bb5 a6 4. Ba4 Nf6 5. d3 b5 6. Bb3 Be7 7. c3 d6 8. Nbd2
O-O 9. O-O Nb8 10. h3 Nbd7 11. Re1 Re8 12. Nf1 Nf8 13. Ng3 Ng6 14. d4 h5 15.
dxe5 Nxe5 16. Nxe5 dxe5 17. Qe2 Bb7 18. a3 h4 19. Nf5 Nxe4 20. Qg4 g6 21. Nh6+
Kg7 22. Bxf7 Bg5 23. Bxg5 Nxg5 24. Bxe8 Kxh6 25. Rxe5 Qf6 26. Qxh4+ Kg7 27.
Rae1 Nf3+ 28. gxf3 Qxh4 29. Re7+ Kf8 30. Rf7+ Kg8 31. Rxc7 Qg5+ 32. Kh2 Qf4+
0-1

[Event "3o Piacenza Chess Festival - Open C"]
[Site "Piacenza ITA"]
[Date "2025.10.26"]
[Round "6.14"]
[White "COSTA, Vittorio"]
[Black "GALLI, Fabrizio"]
[Result "0-1"]
[WhiteElo "1455"]
[BlackElo "1529"]
[PlyCount "90"]
[EventDate "2025.10.24"]

1. e4 c5 2. Nf3 d6 3. d4 cxd4 4. Nxd4 Nf6 5. Nc3 a6 6. Bg5 e6 7. f4 e5 8. Bxf6
Qxf6 9. Nd5 Qd8 10. fxe5 dxe5 11. Nb3 Qh4+ 12. Kd2 Qxe4 13. Nc7+ Kd8 14. Nxa8
Qf4+ 15. Ke1+ Nd7 16. Nb6 Qe3+ 17. Be2 Qxb6 18. Qd2 Be7 19. Kd1 Kc7 20. Qc3+
Kb8 21. Bg4 Rd8 22. Ke2 g6 23. Bxd7 Bxd7 24. Qxe5+ Bd6 25. Qd4 Bb5+ 26. c4 Re8+
27. Kd3 Bxc4+ 28. Kxc4 Qb5+ 29. Kc3 Be5 30. Rhe1 Bxd4+ 31. Nxd4 Rc8+ 32. Kd2
Qb4+ 33. Ke3 Re8+ 34. Kd3 Rd8 35. Re4 f5 36. Rf4 Qxb2 37. Raf1 Qxa2 38. R1f2
Qb3+ 39. Ke2 Qc4+ 40. Ke3 Qc3+ 41. Ke2 Rxd4 42. Rxd4 Qxd4 43. Rf3 f4 44. Rd3
Qe4+ 45. Kd2 Qxg2+ 0-1

[Event "3o Piacenza Chess Festival - Open C"]
[Site "Piacenza ITA"]
[Date "2025.10.26"]
[Round "6.15"]
[White "STORARI, Asaph"]
[Black "PIERSIMONI, Niccolo'"]
[Result "1-0"]
[WhiteElo "1399"]
[BlackElo "1399"]
[PlyCount "49"]
[EventDate "2025.10.24"]

1. d4 g6 2. Nf3 d6 3. c4 Bg7 4. e3 e5 5. dxe5 dxe5 6. Qxd8+ Kxd8 7. Nc3 Nc6 8.
Be2 Ke8 9. Nd5 Kd8 10. O-O Nf6 11. Rd1 Bd7 12. Ng5 Rf8 13. Nxf6 Bxf6 14. Nxh7
Bg7 15. Nxf8 Bxf8 16. Bf3 Ke8 17. a3 Bd6 18. b4 b6 19. Bb2 Ne7 20. Bxa8 c6 21.
Rxd6 Kd8 22. Rad1 Kc7 23. Rxd7+ Kb8 24. Bxe5+ Kc8 25. Rd8# 1-0

[Event "3o Piacenza Chess Festival - Open C"]
[Site "Piacenza ITA"]
[Date "2025.10.26"]
[Round "6.16"]
[White "BENEDETTI, Giulia"]
[Black "POCI, Sara Angela Maria"]
[Result "1-0"]
[WhiteElo "1399"]
[BlackElo "1399"]
[PlyCount "36"]
[EventDate "2025.10.24"]

1. e4 e5 2. Nf3 Nc6 3. Bc4 Bc5 4. c3 Nf6 5. d4 exd4 6. cxd4 Bb4+ 7. Bd2 Bxd2+
8. Nbxd2 d5 9. e5 Ne4 10. O-O Nxd2 11. Qxd2 dxc4 12. Rfc1 Be6 13. Qd1 Qd5 14.
Rab1 Na5 15. Rc3 O-O-O 16. Nd2 Qxd4 17. Qe2 Qxd2 18. Qxd2 Rxd2 1-0